000 00714nam a2200241Ia 4500
003 OSt
005 20220923220857.0
006 a|||||r|||| 00| 0
007 ta
008 220922b |||||||| |||| 00| 0 hin d
024 _a191,794
037 _cTextual
040 _aARTS
_cARTS
_bhin
041 _2hin
_ahin
082 _aV2.D, 152M1
100 _aउपाध्याय, भगवतशरण
245 0 _aबृहत्तर भारत
246 _aBṛuhattar bhārata
260 _aदिल्ली
_b राजपाल
_c1981
300 _a312पृ.
_ccm.
942 _hV2.D, 152M1
_cTEXL
_2CC
999 _c344450
_d344450